| 000 | 00000nas##2200000za#4500 |
| 001 | 9.514553 |
| 003 | CaOODSP |
| 005 | 20200330165845 |
| 007 | ta |
| 008 | 150406c1996||||xxc|| m #||||f| |0eng|d |
| 040 | |aCaOODSP|beng |
| 043 | |an-cn--- |
| 086 | 1 |aEn153-6E |
| 110 | 1 |aCanada. |bEnvironment Canada. |bEnvironmental Protection Service. |
| 245 | 10|aIndustrial plants highlights |
| 260 | |aMontreal - Quebec : |bEnvironment Canada. |
| 500 | |aIssued under Saint-Laurent Vision 2000. |
| 563 | |aPamphlet |
| 775 | 08|tLes établissements industriels: faits saillant / |w(CaOODSP)9.512955 |
| 776 | 0#|tIndustrial plants |w(CaOODSP)9.806424 |